| 000 -LEADER |
| fixed length control field |
00518nam a22001337a 4500 |
| 008 - FIXED-LENGTH DATA ELEMENTS--GENERAL INFORMATION |
| fixed length control field |
250908b ||||| |||| 00| 0 eng d |
| 100 ## - MAIN ENTRY--PERSONAL NAME |
| Personal name |
Verma, Jyoti S. |
| 245 ## - TITLE STATEMENT |
| Title |
Gramoday 2.0: From skills of self-reliance |
| 260 ## - PUBLICATION, DISTRIBUTION, ETC. (IMPRINT) |
| Place of publication, distribution, etc |
Kurukshetra |
| 300 ## - PHYSICAL DESCRIPTION |
| Extent |
73(11), Sep, 2025: p.17-23 |
| 520 ## - SUMMARY, ETC. |
| Summary, etc |
A transformative framework for empowering rural communities through suitability, skills, and grassroots participation, Gramoday is entering a new phase, moving beyond |
| 773 ## - HOST ITEM ENTRY |
| Main entry heading |
Kurukshetra |
| 942 ## - ADDED ENTRY ELEMENTS (KOHA) |
| Item type |
Articles |